| 000 | 00420nam a22001697a 4500 | ||
|---|---|---|---|
| 003 | LK-CoDNM | ||
| 005 | 20240909093942.0 | ||
| 008 | 240909b |||||||| |||| 00| 0 eng d | ||
| 040 |
_aLK-CoDNM _dLK-CoDNM _eLK-CoDNM |
||
| 041 | _aeng | ||
| 080 |
_a6 _bB27 |
||
| 100 | _aZaleski | ||
| 245 | _aCeylan ET Les Indes | ||
| 260 |
_aAlbert Saving Editeur _bParis _c1891 |
||
| 300 | _a511p. : ill , ill ; 19cm | ||
| 942 | _cBK | ||
| 999 |
_c151495 _d151495 |
||